000 00246nam a22001097a 4500
082 _a355.02 HEN'C
100 _aHENDERSON, G. F. R
_946591
245 _aTHE CIVIL WAR
260 _aENGLAND
_bUNIVERSITY PRESS
_c1958
300 _a322P
942 _cBK
999 _c567944
_d567944